Szczegóły MARC21

Ekonomiczne podstawy turystyki /

005 -DATA I CZAS OSTATNIEJ MODYFIKACJI [,]
    • @
    • pole kontrolne
    • 20090821134136.0
020 -Międzynarod. znormalizowany nr książki - ISBN [ , ]
    • a
    • Numer ISBN
    • 8389142201 Find
040 -Instytucja sporządzająca opis [ , ]
    • a
    • Instytucja, która sporządziła opis (NP)
    • SZCZ U
    • c
    • Instytucja, która sporządziła rekord (NP)
    • SZCZ U
    • d
    • Instytucja, która zmodyfikowała rekord (P)
    • SZCZ U/JŚ
041 -Język dokumentu [0, ]
    • a
    • Język tekstu (P)
    • polski
044 -Kraj miejsca wydania [ , ]
    • a
    • Kraj miejsca wydania
    • Polska
942 -Rodzaj dokumentu [ , ]
    • c
    • Rodzaj dokumentu
    • Książka
245 -Strefa tytułu i oznaczenia odpowiedzialności [0,0]
    • a
    • Tytuł
    • Ekonomiczne podstawy turystyki / Find
    • c
    • Pozostałe elementy strefy tytułu i oznaczenia odpowiedzialności (NP)
    • red. nauk. Aleksander Panasiuk.
260 -Strefa adresu wydawniczego [ , ]
    • a
    • Miejsce wydania (P)
    • Szczecin :
    • b
    • Nazwa wydawcy (P)
    • Fundacja na Rzecz Uniwersytetu Szczecińskiego,
    • c
    • Data wydania (P)
    • 2004.
300 -Strefa opisu fizycznego [ , ]
    • a
    • Określenie formy książki i/lub objętość (NP)
    • 238 s. :
    • b
    • Oznaczenie ilustracji (NP)
    • il. ;
    • c
    • Format (NP)
    • 25 cm.
504 -Uwaga dot. bibliogr. załącznikowej [ , ]
    • a
    • Uwaga dot. bibliografii załącznikowej
    • Bibliogr.
080 -Uniwersalna Klasyfikacja Dziesiętna [ , ]
    • 2
    • Identyfikator wydania tablic
    • UDC-P058
    • a
    • Symbol klasyfikacji
    • 338.486
    • b
    • Dopowiedzenie
    • Ekonomika turystyki. Zarządzanie turystyką.
    • x
    • Poddział wspólny
    • (075.8)
    • b
    • Dopowiedzenie
    • (Podręczniki dla szkół wyższych. Skrypty).
980 -Symbol UKD [ , ]
    • a
    • UKD
    • 338.486(075.8)
700 -Hasło dodatkowe - nazwa osobowa [1, ]
    • a
    • Nazwa osobowa (NP)
    • Panasiuk, Aleksander Find
    • 9
    • KHW
    • 40565
    • d
    • Daty biograficzne (NP)
    • (1965- ).
920 -ISBN [ , ]
    • a
    • ISBN
    • 83-89142-20-1 Find
Status udost. Numer inwentarzowy Sygnatura Data inwentaryzacji Lokalizacja
-2T.7651T.76512004-01-20T
-3TM.2010TM.20102004-01-20T
-3TM.2011TM.20112004-01-20T
-3TM.2012TM.20122004-01-20T
-3TM.2013TM.20132004-01-20T
-3TM.2014TM.20142004-01-20T
-3TM.2015TM.20152004-01-20T
-3TM.2016TM.20162004-01-20T
-3TM.2017TM.20172004-01-20T
-3TM.2173TM.21732004-04-13T
-3TM.2270TM.22702004-04-15T
-3TM.2596TM.25962004-09-22T
-3TM.2597TM.25972004-09-22T
-3TM.2598TM.25982004-09-22T
-3TM.2599TM.25992004-09-22T
-3TM.2600TM.26002004-09-22T
-3TM.2824TM.28242005-02-02T
-3TM.2825TM.28252005-02-02T
-3TM.2826TM.28262005-02-02T
-3TM.2827TM.28272005-02-02T
-3TM.2828TM.28282005-02-02T
-3TM.3204TM.32042005-04-12T
-3TM.3205TM.32052005-04-12T
-3TM.3206TM.32062005-04-12T
-3TM.3207TM.32072005-04-12T
-3TM.3208TM.32082005-04-12T
-3TM.3209TM.32092005-04-12T
-3TM.3210TM.32102005-04-12T
-3TM.4084TM.40842006-05-30T
-3TM.6524TM.65242009-04-30T
-3TM.11765TM.117652014-11-26T
-3TM.11946TM.119462014-12-09T
-3TM.11947TM.119472014-12-09T
-3TM.11948TM.119482014-12-09T